| 000 | 00519nam a22001697a 4500 | ||
|---|---|---|---|
| 001 | 45638 | ||
| 003 | BD-DhUET | ||
| 008 | 260329b xxu||||| |||| 00| 0 eng d | ||
| 040 |
_c0 _dBD-DhUET |
||
| 100 | _a Ismail ,Md. | ||
| 245 | _aAgent-based simulation framework for online optimization of the on-demand transit operation | ||
| 260 |
_aDhaka _bDepartment of Computer Science and Engineering, BUET _c2025 |
||
| 300 | _aix,79p. | ||
| 501 | _aOne CD-ROM | ||
| 504 | _aIncludes bibliographies | ||
| 942 | _cTH | ||
| 999 |
_c45638 _d45638 |
||